LEADER 01463nam a2200337 u 4500 001 000000004803 003 CaOOAMICUS 005 20100927153545.0 008 910731s1971 fr u000 u fre u 035 $a10127199 040 $aNN$bita$dNN 041 1 $afre$alat 082 04$a870 100 1 $aStatius, Publius Papinius,$dc. 40-c. 96.$0(OLS)http://pul/name/4979 240 10$aAchilleis$9(Statius, Publius Papinius, c. 40-c. 96).$lFrancese e latino.$0(OLS)http://pul/title/6943 245 10$aAchilléide. /$c[par] Stace. Texte établi et traduit par Jean Méheust. 260 $aParis :$bLes Belles Lettres,$c1971. 300 $aliv, 106 p. ;$c21 cm 490 1 $aCollection des universités de France 500 $aText in Latin and French, with critical matter in French. 500 $aIncludes bibliographical references. 500 $aIndex: p. [103]-106. 700 1 $aMéheust, Jean.$0(OLS)http://pul/name/4980 830 0$aCollection des universités de France.$0(OLS)http://pul/title/1172 850 $aPUL 852 $aPUL$W1$xSL Cons. Gen., Altre Classi 3$y75$m870 COLL 2.STA.1$j141474$nBK-PRI$qDDC 21$B6703$CPULBib$Z2$F6703 $H80856 $82 900 $aStazio, Publio Papinio,$dc. 40-c. 96$94979 941 1 $a9 996 $6082$a870$9(OLS)http://pul/classification/727 996 $6245$aAchilléide.$9(OLS)http://pul/title/6944 996 $6260$aParis :$bLes Belles Lettres$9(OLS)http://pul/publisher/48357 LEADER 00923nam a2200241 u 4500 001 000000115299 003 CaOOAMICUS 005 20090415144003.0 008 090415s1990 fr u000 u fre r 020 $a2-02-010657-4 040 $aPUL$bita$dLDB 100 1 $aValadier, Paul,$cS.I.$0(OLS)http://pul/name/26609 245 10$aInévitable morale /$cPaul Valdier. 260 $aParis :$bÉditions du Seuil,$cc1990. 300 $a220 p. ;$c21 cm 504 $aBibliografia in nota. 650 4$aEtica e società.$0(OLS)http://pul/subject/18782 850 $aPUL 852 $aPUL$W1$xSL Religione 3$y85$m241. 1 VALPA 1$j132047$qDDC 21$B131027$CPULBib$Z2$F131027 $H110076 $82 941 1 $a9 996 $6020$a2-02-010657-4$9(OLS)http://pul/number/140349 996 $6245$aInévitable morale$9(OLS)http://pul/title/144903 996 $6260$aParis :$bÉditions du Seuil$9(OLS)http://pul/publisher/54032